International Financial Management / (Record no. 101867)

MARC details
000 -LEADER
fixed length control field 00927nam a22002657a 4500
005 - DATE AND TIME OF LATEST TRANSACTION
control field 20170206112412.0
010 ## - LCCN (DPL NO)
LC control number 1617EN ENG-116814
020 ## - INTERNATIONAL STANDARD BOOK NUMBER
International Standard Book Number 9788126558728
Terms of availability 749.00
035 ## - SYSTEM CONTROL NUMBER
System control number 1617EN
035 ## - SYSTEM CONTROL NUMBER
System control number B-650814-819
035 ## - SYSTEM CONTROL NUMBER
System control number EN-100346
037 ## - SOURCE OF ACQUISITION
Source of stock number/acquisition BSB
037 ## - SOURCE OF ACQUISITION
Source of stock number/acquisition DBAD/PUB
082 ## - DEWEY DECIMAL CLASSIFICATION NUMBER
Classification number 658.1599
100 ## - MAIN ENTRY--PERSONAL NAME
Personal name Shapiro,Alan C.
245 ## - TITLE STATEMENT
Title International Financial Management /
Statement of responsibility, etc by Alan C. Shapiro, Peter Moles [and] Jayanta Kumar Seal
260 ## - PUBLICATION, DISTRIBUTION, ETC. (IMPRINT)
Date of publication, distribution, etc 2016
Place of publication, distribution, etc New Delhi
Name of publisher, distributor, etc John Wiley
270 ## - ADDRESS
Address 4435-36/7, Ansari Road,Daryaganj
City New Delhi
Postal code 110002
300 ## - PHYSICAL DESCRIPTION
Dimensions 24cm(pbk)
Extent xxviii,716p
Other physical details ill.
500 ## - GENERAL NOTE
General note includes index
700 ## - ADDED ENTRY--PERSONAL NAME
Personal name Peter Moles
700 ## - ADDED ENTRY--PERSONAL NAME
Personal name Jayanta Kumar Seal
942 ## - ADDED ENTRY ELEMENTS (KOHA)
Item type English Books
Source of classification or shelving scheme Dewey Decimal Classification
Classification part 658.1599
Call number suffix SHA
Holdings
Withdrawn status Lost status Not for loan Collection code Home library Current library Date acquired Source of acquisition Cost, normal purchase price Full call number Barcode Copy number Cost, replacement price Koha item type
    Not For Loan Non-fiction D.B.Act.Division Bawana 14/12/2016 DBAD/PUB 749.00 658.1599 SHA EN-100346 1 749.00 English Books
      Non-fiction Bawana Bawana 06/02/2017 BPPD/EN/2016-17/289/24.11.2016/337/2.12.2016/4.1.2017 749.00 658.1599 SHA B-650818 1 749.00 English Books
      Non-fiction Central Library Central Library 06/02/2017 BPPD/EN/2016-17/289/24.11.2016/337/2.12.2016/4.1.2017 749.00 658.1599 SHA B-650814 1 749.00 English Books
      Non-fiction Janak Puri Janak Puri 06/02/2017 BPPD/EN/2016-17/289/24.11.2016/337/2.12.2016/4.1.2017 749.00 658.1599 SHA B-650816 1 749.00 English Books
      Non-fiction Patel Nagar Patel Nagar 06/02/2017 BPPD/EN/2016-17/289/24.11.2016/337/2.12.2016/4.1.2017 749.00 658.1599 SHA B-650815 1 749.00 English Books
      Non-fiction Sarojini Nagar Sarojini Nagar 06/02/2017 BPPD/EN/2016-17/289/24.11.2016/337/2.12.2016/4.1.2017 749.00 658.1599 SHA B-650817 1 749.00 English Books
      Non-fiction Shahdara Branch Shahdara Branch 06/02/2017 BPPD/EN/2016-17/289/24.11.2016/337/2.12.2016/4.1.2017 749.00 658.1599 SHA B-650819 1 749.00 English Books

© Delhi Public Library
Hit Counter
free hit counter